| 000 | 00670nam a2200205Ia 4500 | ||
|---|---|---|---|
| 003 | IN-BaIIA | ||
| 008 | 211028s9999 xx 000 0 eng d | ||
| 040 | _cIIA Library | ||
| 080 |
_a521.132 _bKUR |
||
| 100 |
_aKurth, Rudolf _93497 |
||
| 245 | 0 |
_aIntroduction to stellar statistics _cRudolf Kurth |
|
| 260 |
_aOxford _bPergamon Press _c1967 |
||
| 300 | _aviii, 175p. | ||
| 490 | _aInternational series of monographs in natural philosophy; v. 10 | ||
| 650 | _aAstronomy and astrophysics thesaurus | ||
| 650 |
_aStatistics - stars _95654 |
||
| 650 |
_aStellar _95655 |
||
| 650 |
_aStellar atmospheres _91135 |
||
| 942 | _cBK | ||
| 999 |
_c3181 _d3181 |
||